000 01099nam a2200313 a 4500
001 59873
003 BD-RjUL
005 20211209080757.0
008 161227s2001 enk b 101 0 eng
020 _a0335203027 (hb)
020 _a0335203019 (pb)
035 _a(BD-RjUL)59997
040 _aDLC
_cDLC
_dBD-RjUL
_beng
041 _aeng
082 0 _a352.293
_223
_bCHA 2001
245 1 4 _aThe changing world of top officials :
_bmandarins or valets? /
_cedited by R.A.W. Rhodes and Patrick Weller.
260 _aBuckingham ;
_aPhildelphia :
_bOpen University Press,
_c2001.
300 _axii, 274 p. ;
_c24 cm.
504 _aIncludes bibliographical references (p. [256]-269) and index.
650 0 _aExecutive power
_vCongresses.
_9178133
650 0 _aPublic officers
_vCongresses.
_9178134
650 0 _aCabinet officers
_vCongresses.
_9178135
650 0 _aExecutive departments
_vCongresses.
_9178136
700 1 _aRhodes, R. A. W.
_9178137
700 1 _aWeller, Patrick Moray.
_9178138
942 _2ddc
_cBK
999 _c59873
_d59873